| 000 | 01321nam a2200325Ia 4500 | ||
|---|---|---|---|
| 001 | ebr10170764 | ||
| 003 | CaPaEBR | ||
| 006 | m u | ||
| 007 | cr cn||||||||| | ||
| 008 | 000225s2000 ctua sb 101 0 eng d | ||
| 010 | _z 00027261 | ||
| 020 | _z9780300081169 | ||
| 020 | _z0300081162 (cloth : alk. paper) | ||
| 040 |
_aCaPaEBR _cCaPaEBR |
||
| 035 | _a(OCoLC)182530837 | ||
| 050 | 1 | 4 |
_aBF175.4.C84 _bW46 2000eb |
| 082 | 0 | 4 |
_a150.19/5 _221 |
| 245 | 0 | 0 |
_aWhose Freud? _h[electronic resource] : _bthe place of psychoanalysis in contemporary culture / _cedited by Peter Brooks and Alex Woloch. |
| 260 |
_aNew Haven : _bYale University Press, _cc2000. |
||
| 300 |
_aix, 342 p. : _bill. |
||
| 504 | _aIncludes bibliographical references and index. | ||
| 533 |
_aElectronic reproduction. _bPalo Alto, Calif. : _cebrary, _d2007. _nAvailable via World Wide Web. _nAccess may be limited to ebrary affiliated libraries. |
||
| 600 | 1 | 0 |
_aFreud, Sigmund, _d1856-1939 _vCongresses. |
| 650 | 0 |
_aPsychoanalysis and culture _vCongresses. |
|
| 655 | 7 |
_aElectronic books. _2local |
|
| 700 | 1 |
_aBrooks, Peter, _d1938- |
|
| 700 | 1 |
_aWoloch, Alex, _d1970- |
|
| 710 | 2 | _aebrary, Inc. | |
| 856 | 4 | 0 |
_uhttp://site.ebrary.com/lib/rucke/Doc?id=10170764 _zAn electronic book accessible through the World Wide Web; click to view |
| 999 |
_c249661 _d249661 |
||